MDQL
is popping MORE tags! Check the
thread
!
Quizzes
Events
Quiz Creation
Community
Videos
Private Events
Remove Ads
Sign In
Join for FREE
Feedback
Dark Mode
Quiz Categories
Sports
Geography
Music
Movies
Television
Just For Fun
Miscellaneous
History
Literature
Language
Science
Gaming
Entertainment
Religion
Holiday
For Kids
Quiz Lab
Recent
Popular Today
Quiz Kudos Today
Editor Picks
Curator Picks
Quizzes by...
Day
Popularity
Type
Ratings
Length
Year
Community
Subscriptions
Recent Discussions
Orange Saloon
Badges
Playlists
Quests
Create
Leaderboards
Showdown
Live 5
Trivia Bingo
Activity
Puzzle Library
Sporcle Events
Private Events
Virtual Trivia
Globe League
Become a Host
Pub Owners
SporcleCon
Opinionation
Our Games
Videos
Blog
Mobile Apps
Partnerships
Remove Ads and Go Orange
Feedback
Music
Pop Music
The Beatles
Song
Album
Lyrics
Bands
Singers
Artist
Clip
Rock
Rap
Classical
Billboard
Country Music
Kpop
Taylor Swift
Music
Pop Music
The Beatles
Song
Album
Lyrics
Bands
Singers
Artist
Clip
Rock
Rap
Classical
Billboard
Country Music
Kpop
Taylor Swift
Random Quiz
Search Sporcle
×
Quiz Lab
Quiz Lab
Music
Song
Type in answers that appear in a list
Type in answers that appear in a list
Classic
Best Score? Go Orange.
Name The Artist Stats
Can you name the Name The Artist?
By
kidhot
10m
117 Questions
405 Plays
405 Plays
405 Plays
Comments
Comments
Give Quiz Kudos
Give Quiz Kudos
-
- Ratings
hide this ad
Replay
Link that replays current quiz
Next Quiz
Link to next quiz in quiz playlist
You Got
0%
They Got
Avg Score
19%
Avg Friend Score
Upgrade to see
Score Distribution
Jump to the score distribution portion of the page
Score
0/117
Timer
10:00
0
Plays Today
Song
Band
% Correct
Basket Case
Greenday
91.9%
Thanks For The Memories
Fall Out Boy
70.9%
New Divide
Linkin Park
67.2%
Down With The Sickness
Disturbed
59.3%
Sweet Child Of Mine
Guns n Roses
58%
Feel Good Inc.
Gorillaz
57.8%
Bohemian Rhapsody
Queen
57%
Nails For Breakfast Tacks For Snacks
Panic! at The Disco
54.3%
Smells like teen spirit
Nirvana
54.1%
Hey Jude
Beatles
54.1%
If Today Was Your Last Day
Nickelback
53.8%
Thank You For The Venom
My Chemical Romance
52.1%
Mr. brightside
The Killers
51.6%
B.Y.O.B
System Of A Down
48.9%
You Shook Me All Night Long
AC
47.4%
Californication
Red Hot Chilli Peppers
47.2%
Move Along
All American Rejects
46.2%
Walk This Way
Aerosmith
43.7%
Violet Hill
Coldplay
42.5%
Stairway to Heaven
Led Zeppelin
42.5%
Hotel California
Eagles
40.7%
Riot
Three Days Grace
38%
Satisfaction
Rolling Stones
37.3%
Killing Light
AFI
34.3%
Scars
Papa Roach
34.3%
Attack
30 Seconds To Mars
34.1%
Beverly Hills
Weezer
34.1%
Fuel
Metallica
33.1%
Every Rose Has Its Thorn
Poison
32.6%
Unholy Confessions
Avenged Sevenfold
31.4%
Dragula
Rob Zombie
30.4%
Meant to Live
Switchfoot
28.9%
All Along The Watchtower
Jimi Hendrix
26.4%
Free Bird
Lynyrd Skynyrd
25.7%
Through The Fire And Flames
Dragonforce
24.7%
Spit it out
Slipknot
24.7%
Headstrong
Trapt
24.4%
Monster
Skillet
23.7%
Take Me Out
Franz Ferdinand
23.7%
Song
Band
% Correct
No Surprise
Daughtry
23.2%
Aces High
Iron Maiden
22.7%
All I Wanted
Paramore
22.7%
Give A Little More
Maroon 5
22.2%
Razz
Kings of leon
21.7%
Weathered
Creed
20.5%
Sorry
Buck Cherry
19.5%
All Summer Long
Kidrock
18.5%
Rollin
Limp Bizkit
18.5%
Twisted Transistor
Korn
18.3%
Holy Diver
Killswitch Engage
17.5%
Want You Bad
The Offspring
16.5%
Plush
Stone Temple Pilots
13.8%
Brass Monkey
Beastie Boys
13.6%
Brain Damage
Pink Floyd
13.1%
Dance of stilts
Blue oyster cult
13.1%
Killing loneliness
HIM
12.8%
Angel Of Death
Slayer
12.8%
Undead
Hollywood Undead
12.6%
Sober
Tool
12.1%
Not Meant To Be
Theory of a Deadman
11.9%
Away From The Sun
3 Doors Down
11.9%
MegaloManiac
Incubus
11.4%
With Teeth
Nine Inch Nails
11.1%
Judith
A Perfect Circle
10.9%
Drop The Bombshell
Powerman 5000
10.6%
My last breath
Evanescence
9.6%
Firefly
Breaking Benjamin
9.6%
Killing Yourself
Alice In Chains
9.4%
Aerodynamic
Daft Punk
9.4%
Stupid mf
Mindless Self Indulgence
9.1%
Zoe Jane
Staind
9.1%
Eye Of The Storm
Bullet For My Valentine
9.1%
Its Dangerous Business Walking Out Your Front Door
Underoath
8.6%
A Worm From A Book
The Used
8.4%
Runaway
Bon Jovi
8.4%
So Far Away
Crossfade
7.4%
Reason
Hoobastank
7.2%
All I Ever Wanted
Shinedown
6.9%
Song
Band
% Correct
Timebomb
Godsmack
6.7%
Supersonic
Pearl Jam
6.7%
December
Collective Soul
5.4%
Voices
Rev Theory
5.2%
I am One
Smashing Pumpkins
5.2%
AnyWay you slice it
Kiss
4.9%
A Long March
As I Lay Dying
3.5%
Soldier
Goo Goo Dolls
3.2%
Becoming The Dragon
Trivium
3.2%
Wasted Youth
Meatloaf
3%
Piggy Pie
Insane Clown Posse
2.7%
Only The Good Die Young
Def Leppard
2.7%
Clean Sheets
Atreyu
2.5%
Go West
The Pet Shop Boys
2.2%
The Burning Spear
Sonic Youth
2.2%
Guns Of Summer
Coheed And Cambria
2%
Seventeen
Jimmy Eat World
2%
You
Candlebox
1.7%
Rip taylor is god
Bloodhound Gang
1.7%
I Came to Play
Downstrait
1.5%
Let It Roll
Velvet Revolver
1.5%
Stone Soul
Finger 11
1.2%
Your light
Scorpions
1.2%
Blindside
Zebrahead
1%
Bulletproof Skin
Institute
1%
I Wanna Be Your Man
Endeverafter
0.7%
Driveway
Making April
0.5%
Cups And Cakes
Spinal Tap
0.5%
10 Years Of Service
Dropkick Murphys
0.5%
17 crash
LA Guns
0.5%
Shapeshifter
Celldweller
0.2%
Angels Cry
Red Jumpsuit Apparatus
0.2%
Behind
Plain White T's
0.2%
Chemical
No One
0.2%
Just Like You
Deadstar Assembly
0%
Get Out of My Mind
Hootie And The Blowfish
0%
Blue October
Black Orchid
0%
No Way Out
D Generation
0%
Winterstorm
Machinae Supremacy
0%
Quiz Playlist
Details
Report
Send in Message
Add To Playlist
Classic:
Type in answers that appear in a list
Last Updated: Feb 16, 2017
Quiz Scoreboard
CHALLENGE
Sign Up to Join the Scoreboard
Show All
Scores
Hide
Comments
May contain spoilers
Recently Published
Colored Red Africa Blitz
by spor1
Geography
30s
Find the 'City' Movie
by crazypaving
Movies
60s
5x2 Blitz: Bands
by SL_Kpop136
Music
30s
More to Explore
Quiz From the Vault
Featured Blog Post
14 Easter Pick-up Lines to Find Eggs With
hide this ad
You Might Also Like...
Tags
Rock Quiz
Song Quiz
AFI
emo
Green Day
hardcore
metal
Today's Top Quizzes in Music
Browse Music
hide this ad
Today's Top Quizzes in Song
Browse Song
Top Contributed Quizzes in Music
1
5X2 Blitz: Bands II
2
Taylor Swift All Songs (2024)
3
Taylor Swift Logic Puzzle II
4
5X2 Blitz: The Beatles
5
5X2 Blitz: Billboard
6
Taylor Swift Logic Puzzle
7
5X2 Blitz: Billboard II
8
5X2 Blitz: Album
9
5X2 Blitz: Singers
10
Music Artist by Three 2010s hits
Explore More
Trending Topics
Anime
Kpop
NBA
Disney
Crossword
Marvel
Harry Potter
The Office
Country
Soccer
WWE
Puzzle
Song
Pokémon
NFL
hide this ad
More By:
kidhot
Quiz
Plays
Rating
Category
Featured
Created
yugioh characters
2,394
1.58
Television
Nov 3, 2010
Resident Evil 4 Characters
1,490
2.50
Gaming
Feb 2, 2011
Hardest Resident evil
1,069
1.20
Gaming
Oct 6, 2010
Top 10 Survival Horror Games
830
1.19
Gaming
Feb 2, 2011
spirited away
760
4.50
Movies
Nov 22, 2010
Go to Creator's Profile
Score Distribution
Quiz Creator Spotlight
kidhot
Follow
Send a Message
Quizzes Created
-
Created Quiz Play Count
-
More By This Creator
Popular Quizzes Today
1
Colored Red Africa Blitz
2
Find the 'City' Movie
3
Find the US States - No Outlines Minefield
4
5x2 Blitz: Bands
5
The Countries of the World
6
Find the US States
7
US States
8
9x9 Crossword: Cartoon Network
More Music Quizzes
Animalistic Bands
Published
Trending Quizzes
Colored Red Europe Blitz I
Colored Red Europe Blitz II
Colored Red Africa Blitz II
Colored Red Africa Blitz III
Colored Red Europe Blitz III
Recently Updated
Grab Bag: 4-10 Letters
pecheneg
2024 March Madness Bracket
pecheneg
Famous TV Couples
Peacemaker
Champions League XIs: Real Madrid
pecheneg
Largest US Cities 1790-2010
pecheneg
Rides in Walt Disney World
pecheneg
Most Oscar Losses (Acting)
pecheneg
Beyoncé Albums
pecheneg
Leaping Animals
pecheneg
Reality TV Shows (A-Z)
bhenderson79
Trending Topics
Marvel
Crossword
Disney
Anime
NBA
Kpop
Harry Potter
Pokémon
Country
Puzzle
The Office
WWE
NFL
Song
Soccer
Your Account Isn't Verified!
In order to create a playlist on Sporcle, you need to verify the email address you used during registration. Go to your
Sporcle Settings
to finish the process.
Report this User
Report this user for behavior that violates our
Community Guidelines
.
Details:
Send Report
Go to the Sporcle.com Mobile Site →
Comments